La relajación práctica: tai-chi y chi-kung

Gardado en:
Detalles Bibliográficos
Autor Principal: Ruiz Vidal, Juan Manuel (Author)
Formato: Libro
Idioma:Lingua castelá
Publicado: Barcelona Paidotribo 2005
Edición:1a. ed
Subjects:
Tags: Engadir etiqueta
Sen Etiquetas, Sexa o primeiro en etiquetar este rexistro!

MARC

LEADER 00000nam a2200000 a 4500
001 UCG3229
003 CL-VaPUC
008 100819e20050000SP |||||||||||||||||spa|d
020 |a 8480198141 
082 0 4 |a 796.815  |b RUI  |2 21 
100 0 |a Ruiz Vidal, Juan Manuel  |e author  |9 552182 
245 1 3 |a La relajación práctica: tai-chi y chi-kung 
250 |a 1a. ed 
300 |a 251 p 
942 |c BK 
945 |d 20100819 00:00:00  |a mfarfan 
260 |a Barcelona  |b Paidotribo  |c 2005 
650 7 |a TAI CHI  |2 CL-VaPUC  |9 312627 
650 7 |a CHI KUNG  |2 CL-VaPUC  |9 552183 
650 0 |a Artes marciales   |9 311835 
650 0 |a Actividad física  |9 362156 
650 7 |a ENTRENAMIENTO FISICO  |2 CL-VaPUC  |9 307393 
650 7 |a DEPORTES DE COMBATE  |2 CL-VaPUC  |9 341527 
583 |a last modification  |c 20100819 00:00:00  |k Rodrigo Vera 
999 |c 342300  |d 342298 
952 |0 0  |1 0  |4 0  |6 796_815000000000000_RUI_2005  |7 0  |8 C  |9 438444  |a BIBCUR  |b BIBCUR  |d 2019-11-22  |i 4709217  |l 2  |o 796.815 RUI 2005  |p 4709217  |r 2025-04-22  |s 2025-01-06  |w 2019-11-22  |y BK  |k DEN